000 01730nam0a2200325 i 4500
001 RU\NLR\BIBL_A\011387456
005 20240922022114.0
010 _a9785895035955
_9100
021 _aRU
_b2017-27622
_92042
035 _a(RuMoRGB)008859218
035 _a(NLR Aleph) 011387456
090 _a11435895
_c11435895
100 _a20170518d2017 km y0rusy50 ca
101 0 _arus
102 _aRU
105 _ay|||z|||000zy
200 1 _aУчастие прокурора в судебных стадиях уголовного судопроизводства
_eучебно-методическое пособие для магистратуры [по направлению "Юриспруденция"]
_fД. А. Мезинов
_gНациональный исследовательский Томский государственный университет, Юридический институт, Магистратура
210 _aТомск
_cИзд-во научно-технической литературы
_d2017
215 _a79 с.
_cтабл.
_d20
225 1 _aБиблиотека магистранта
320 _aБиблиогр.: с. 72-79
606 1 _aУголовные дела
_jУчебно-методические пособия для высших учебных заведений
_xСудебное рассмотрение
_xУчастие прокурора
_yРоссийская Федерация
_92385361
_3RU\NLR\AUTH\661422889
686 _aХ629.312я73-14
_2rubbk
686 1 _aХ629.312я73
686 1 _aХ629.123я73
700 1 _aМезинов
_bД. А.
_gДмитрий Анатольевич
942 _cBOOK
980 _aNBR